000 01152nkm a2200265 i 4500
001 4222
003 ES-MaACL
005 20250713062949.0
007 khrbo
008 070703s1988 sp --- g |001||spa d
100 0 _aAlfonso,
_d1902-1990
_919858
245 1 0 _aActo de solidaridad con Nicaragua [
_hFotografía] /
_cAlfonso (sello).
260 _a[S.l. :
_bs.n.],
_c1988.
300 _a2 fot. :
_bb. y n. ;
_c12 x 18 cm.
500 _aDatos basados en invitación.
511 0 _aColoquio con "La Barraca" - Teatro Popular y un representante de la Embajada de Nicaragua.
518 _aActo organizado por el Ateneo de Madrid en colaboración con "La Barraca" - Teatro Popular, celebrado en el salón de actos el viernes, 19 de febrero de 1988, a las 19:00 h.
610 2 4 _aAteneo de Madrid-
_xActos culturales-
_y1988-
_vFotografías.
_91903
710 2 _aAteneo de Madrid.
_91875
710 2 _aTeatro Popular "La Barraca"
_96925
710 1 _aNicaragua.
_bEmbajada (España)
_95993
852 _aES-MaACL
_jFOT 36/1988
856 4 _uhttp://www.ateneodemadrid.net/biblioteca_digital/imagenes/1988/0036-1988.jpg
_zVer imagen
999 _c4222
_d4222